|
|
|
|
| LEADER |
02535nam a2200493 4500 |
| 001 |
ocn141379611 |
| 003 |
OCoLC |
| 005 |
20180501121911.0 |
| 006 |
m o d |
| 007 |
cr ||||||||||| |
| 008 |
070531s2005 ne abf ob 001 0 eng d |
| 040 |
|
|
|a QCL
|b eng
|e pn
|c QCL
|d BAKER
|d OCLCQ
|d OPELS
|d OCLCQ
|d OPELS
|d CUS
|d OCLCF
|d OCLCQ
|d OCLCO
|d OCLCQ
|d UAB
|d CASUM
|d OCLCA
|d GrThAP
|
| 019 |
|
|
|a 1011183277
|
| 020 |
|
|
|a 0444519491
|q (electronic bk.)
|
| 020 |
|
|
|a 9780444519498
|q (electronic bk.)
|
| 035 |
|
|
|a (OCoLC)141379611
|z (OCoLC)1011183277
|
| 050 |
|
4 |
|a QD415.A1
|
| 060 |
0 |
0 |
|a W1
|b LA232K v.31 2005
|
| 060 |
1 |
0 |
|a QZ 52
|b A232 2005
|
| 082 |
0 |
4 |
|a 616.042
|2 22
|
| 049 |
|
|
|a TEFA
|
| 245 |
0 |
0 |
|a Adeno-associated viral vectors for gene therapy /
|c T.R. Flotte, K.I. Berns (editors).
|
| 260 |
|
|
|a Amsterdam :
|b Elsevier,
|c Ã2005.
|
| 300 |
|
|
|a 1 online resource.
|
| 336 |
|
|
|a text
|b txt
|2 rdacontent
|
| 337 |
|
|
|a computer
|b c
|2 rdamedia
|
| 338 |
|
|
|a online resource
|b cr
|2 rdacarrier
|
| 490 |
1 |
|
|a Laboratory techniques in biochemistry and molecular biology ;
|v v. 31
|
| 504 |
|
|
|a Includes bibliographical references and index.
|
| 520 |
|
|
|a Written by well-known experts in the field, this is a timely update on Adeno-associated virus used in gene therapy. The 10 chapters cover gene therapy in specific diseases such as hemophilia, kidney diseases, and disordes of the central nervous system. *Presents a timely update of gene therapy using the adeno-associated virus *Addresses gene therapy used for hemophilia, kidney diseases, and disorders of the central nervous system *Provides practical advance on vector design *Includes balanced treatment of theoretical risks of gene therapy.
|
| 588 |
0 |
|
|a Print version record.
|
| 650 |
|
0 |
|a Gene therapy.
|
| 650 |
|
0 |
|a Genetic vectors.
|
| 650 |
|
7 |
|a Gene therapy.
|2 fast
|0 (OCoLC)fst00939638
|
| 650 |
|
7 |
|a Genetic vectors.
|2 fast
|0 (OCoLC)fst00940107
|
| 650 |
1 |
2 |
|a Genetic Therapy
|x methods.
|0 (DNLM)D015316Q000379
|
| 650 |
2 |
2 |
|a Adenoviridae
|x genetics.
|0 (DNLM)D000256Q000235
|
| 650 |
2 |
2 |
|a Genetic Vectors.
|0 (DNLM)D005822
|
| 655 |
|
4 |
|a Electronic books.
|
| 700 |
1 |
|
|a Flotte, T. R.,
|e editor.
|
| 700 |
1 |
|
|a Berns, Kenneth I.,
|d 1938-
|e editor.
|
| 776 |
0 |
8 |
|i Print version:
|t Adeno-associated viral vectors for gene therapy.
|b 1st ed.
|d Amsterdam ; Boston : Elsevier, 2005
|z 9780444519498
|w (OCoLC)61503566
|
| 830 |
|
0 |
|a Laboratory techniques in biochemistry and molecular biology ;
|v v. 31.
|
| 856 |
4 |
0 |
|u https://www.sciencedirect.com/science/bookseries/00757535/31
|z Full Text via HEAL-Link
|